| 000 | 00746nam a2200253Ia 4500 | ||
|---|---|---|---|
| 003 | OSt | ||
| 005 | 20220918223000.0 | ||
| 006 | a|||||r|||| 00| 0 | ||
| 007 | ta | ||
| 008 | 220917b |||||||| |||| 00| 0 eng d | ||
| 024 | _a219,737 | ||
| 037 | _cTextual | ||
| 040 |
_aARTS _cARTS _beng |
||
| 041 |
_2eng _aeng |
||
| 082 | _aX:75.6, P4 | ||
| 100 |
_aMoseley Willian G. Ed. _9144550 |
||
| 245 | 0 |
_aAfrica enviroment and development _b Rhetoric, programs, realities |
|
| 260 |
_aAldershot _bAshgate _c2004 |
||
| 300 |
_axii,244p. _ccm. |
||
| 650 | _aECONOMICS | ||
| 700 |
_a Logan B. Ikubolajeh Ed. _9144551 |
||
| 942 |
_hX:75.6, P4 _cTEXL _2CC |
||
| 999 |
_c277050 _d277050 |
||